| 000 | 00355nam a22001457a 4500 | ||
|---|---|---|---|
| 003 | SGT | ||
| 082 |
_a617 _bP21A |
||
| 100 | _aARORA, PRATUL | ||
| 245 | _aA prospective study on different Modalities of management of Liver Abscesses | ||
| 260 |
_aGURUGRAM _bSGT UNIVERSITY _c2021 |
||
| 300 | _a106 | ||
| 650 | _aSURGERY | ||
| 653 | _aM.S | ||
| 942 |
_2ddc _cTH |
||
| 999 |
_c26497 _d26497 |
||